MODELOVANIE RTK NA BÁZE PRVKOV UMELEJ INTELIGENCIE

Bibliographic Details
Main Author: Frankovič, Baltazár (Author)
Format: Article
Language:Slovak
Subjects:

MARC

LEADER 00000naa a2200000 a 4500
001 vtls011847307
003 SK-MaSNL
005 20260302133627.0
008 210910|1988 xo |||||||||||||||||slo|
015 |a SNBCL 
035 |a (urnnbn)urn:nbn:sk:snk:ar-008rj9 
035 |a urn:nbn:sk:snk-aaw36k 
035 |a (uuid)97f56b72-453a-4210-9a3a-ca66f041ec3a 
040 |a SNKBUCL  |b slo  |c SNKBUCL  |e AACR2 
041 |a slo 
044 |a xo  |c SK 
100 1 |a Frankovič, Baltazár  |4 aut  |9 820384 
245 1 0 |a MODELOVANIE RTK NA BÁZE PRVKOV UMELEJ INTELIGENCIE  |c Baltazár Frankovič 
336 |a text  |b txt  |c rdacontent 
337 |a bez média  |b n  |c rdamedia 
338 |a zväzok  |b nc  |c rdacarrier 
655 7 |a články zo zborníkov  |2 snkbucl  |9 166140 
773 0 |t Uplatnenie umelej inteligencie v robotike  |d Košice : Dom techniky ČSVTS, 1988  |g S. 34-37 
958 |a OND 
958 |a article26 
958 |a chapter 
999 |c 1317813  |d 1319743